| 000 | 00403cam a22001097a 4500 | ||
|---|---|---|---|
| 008 | 180718b-- xxu||||| |||| 00| 0 eng d | ||
| 082 | _aB704x42 | ||
| 100 | _aEngland and Wales. Ministry of Housing and Local Government | ||
| 245 | _aLocal Government financial statistics, England and Wales, 1961-62 | ||
| 260 |
_aLondon _bHer Majesty's Stationery Office _c-- |
||
| 500 | _aLibrary has 1954/55, 1961/62, 1964/65 | ||
| 999 |
_c391185 _d391185 |
||